000 00813nas a2200277 4500
001 BR9206518
003 BR-BrBNA
005 20231205092930.0
007 ta
008 230509b bl.|||p| |||| 00| 00por d
040 _aBR-BrBNA
_bpor
_cBiblioteca Nacional de Agricultura
041 _a(Pt)
072 _aL73
100 1 _aNascimento, E.F. do
100 1 _aReis, R.
100 1 _aCarvalho, A.U. de
100 1 _aLeite, R.C.
100 1 _aSimplicio, A.A.
245 1 _aTumor etimoidal enzootico em ovinos
650 _aOVINO
650 _aTUMOR
650 _aNEOPLASIA
773 0 _tArquivos da Escola de Veterinaria da Universidade Federal de Minas Gerais (Brazil)
_xISSN 0365-8384
_g(Dec 1979), v. 31(3) p. 337-342
_wBR9206518
909 _a202311
_bLúcia
_c55
_dLúcia Elande
942 _2AGRIS
_n0
_cANA
999 _c135203
_d135203